ARRUPE JESUIT UNIVERSITY

CORONAVIRUS -STOP THE SPREAD - CLEAN,DISINFECT,COVER

God of surprises (Record no. 7988)

MARC details
000 -LEADER
fixed length control field 00488nam a2200217Ia 4500
003 - CONTROL NUMBER IDENTIFIER
control field 0100
005 - DATE AND TIME OF LATEST TRANSACTION
control field 20190219121946.0
008 - FIXED-LENGTH DATA ELEMENTS--GENERAL INFORMATION
fixed length control field 130303s9999 xx 000 0 und d
020 ## - INTERNATIONAL STANDARD BOOK NUMBER
International Standard Book Number 1561010855
040 ## - CATALOGING SOURCE
Transcribing agency ARRUPELIB
050 ## - LIBRARY OF CONGRESS CALL NUMBER
Classification number BX2350.2.H761985
300 ## - PHYSICAL DESCRIPTION
Dimensions 22cm.
100 ## - MAIN ENTRY--PERSONAL NAME
Personal name Hughes, Gerard W
9 (RLIN) 5314
245 ## - TITLE STATEMENT
Title God of surprises
Statement of responsibility, etc Gerard W. Hughes
260 ## - PUBLICATION, DISTRIBUTION, ETC. (IMPRINT)
Place of publication, distribution, etc Cambridge
Name of publisher, distributor, etc Darton, Longman and Todd
Date of publication, distribution, etc 1985
300 ## - PHYSICAL DESCRIPTION
Extent xvi, 162p. ;
700 ## - ADDED ENTRY--PERSONAL NAME
Personal name Gerard W. Hughes
9 (RLIN) 44783
942 00 - ADDED ENTRY ELEMENTS (KOHA)
Koha issues (borrowed), all copies 2
Source of classification or shelving scheme Library of Congress Classification
Koha item type Monograph ( Printed materials)
Holdings
Withdrawn status Lost status Source of classification or shelving scheme Damaged status Not for loan Collection code Home library Current library Shelving location Date acquired Total Checkouts Full call number Barcode Date last seen Date checked out Copy number Price effective from Koha item type
    Library of Congress Classification     Main Collection ARRUPE LIBRARY ARRUPE LIBRARY Main Collection 04/03/2013 1 BX2350.2.H76 1985 46600003892 04/03/2026 06/02/2024 1 04/03/2013 Monograph ( Printed materials)
    Library of Congress Classification     Main Collection ARRUPE LIBRARY ARRUPE LIBRARY Main Collection 04/03/2013 14 BX2350.2.H76 1985 46003000173 22/11/2017 04/01/2017 2 04/03/2013 Monograph ( Printed materials)
    Library of Congress Classification     Main Collection ARRUPE LIBRARY ARRUPE LIBRARY Main Collection 10/12/2014 16 BX2350.2.H76 1985 46003096144 17/12/2019 11/11/2019 3 10/12/2014 Monograph ( Printed materials)

 

Arrupe Library. PO Box MP320 Mt Pleasant, Harare, Zimbabwe
263 242 745411|librarian@aju.ac.zw